100 Biggest Cities in Maine on a Map - Statistics

General Stats
  • This quiz has been taken 7 times
  • The average score is 13 of 100
Answers on the Map
Answers color-coded by a green-red scale on the quiz's map according to % correct below.
 
Answer Stats
Population City % Correct
37,124 Lewiston
100%
68,409 Portland
100%
31,740 Bangor
80%
5,776 Kennebunk
80%
18,907 Augusta
60%
2,260 Bar Harbor
60%
1,264 Kennebunkport
60%
20,379 Saco
60%
26,500 South Portland
60%
8,768 Bath
40%
22,549 Biddeford
40%
4,743 Houlton
40%
10,185 Orono
40%
16,682 Waterville
40%
6,941 Belfast
20%
17,033 Brunswick
20%
2,832 Bucksport
20%
3,082 Calais
20%
3,850 Camden
20%
7,393 Caribou
20%
2,616 Fairfield
20%
4,168 Farmington
20%
4,973 Kittery
20%
2,667 Lincoln
20%
2,533 Madison
20%
2,211 Milford
20%
1,690 Newport
20%
1,351 Norridgewock
20%
8,961 Old Orchard Beach
20%
8,785 Presque Isle
20%
6,942 Rockland
20%
6,404 Skowhegan
20%
6,623 Topsham
20%
5,318 Winslow
20%
24,067 Auburn
0%
2,277 Berwick
0%
9,680 Brewer
0%
2,118 Bridgton
0%
3,037 Cape Neddick
0%
1,343 Chisholm
0%
1,386 Clinton
0%
2,739 Cumberland Center
0%
1,193 Damariscotta
0%
2,093 Dexter
0%
1,323 Dixfield
0%
2,776 Dover-Foxcroft
0%
2,083 Dunstan
0%
1,560 East Millinocket
0%
1,284 Eastport
0%
8,396 Ellsworth
0%
1,988 Falmouth
0%
1,554 Falmouth Foreside
0%
2,000 Farmingdale
0%
1,666 Fort Fairfield
0%
2,413 Fort Kent
0%
1,700 Freeport
0%
1,444 Fryeburg
0%
5,959 Gardiner
0%
7,469 Gorham
0%
2,562 Hallowell
0%
4,516 Hampden
0%
3,192 Lake Arrowhead
0%
3,217 Lisbon
0%
4,182 Lisbon Falls
0%
1,540 Livermore Falls
0%
1,457 Machias
0%
2,797 Madawaska
0%
2,257 Mechanic Falls
0%
2,234 Mexico
0%
4,104 Millinocket
0%
1,751 Milo
0%
1,721 North Berwick
0%
5,274 North Windham
0%
2,696 Norway
0%
5,846 Oak Hill
0%
2,536 Oakland
0%
7,438 Old Town
0%
1,294 Oxford
0%
2,822 Pittsfield
0%
1,743 Randolph
0%
1,810 Richmond
0%
4,298 Rumford
0%
21,976 Sanford
0%
3,825 South Berwick
0%
3,719 South Eliot
0%
2,183 South Paris
0%
1,215 South Windham
0%
1,223 Steep Falls
0%
1,836 Thomaston
0%
1,809 Van Buren
0%
1,817 Veazie
0%
1,300 Waldoboro
0%
20,405 Westbrook
0%
1,191 West Kennebunk
0%
2,071 Wilton
0%
1,355 Winterport
0%
2,666 Winthrop
0%
1,232 Wiscasset
0%
6,125 Yarmouth
0%
3,132 York Harbor
0%
No matching quizzes found
Score Distribution
Percent of People with Each Score
Percentile by Number Answered
Your Score History
You have not taken this quiz